000 00499nam a2200181Ia 4500
005 20250508160222.0
008 008 250505s9999 xx 000 0 eng d
037 _aTextual
040 _aFEDL
_beng
_cFEDL
041 _aeng
_2eng
084 _a372.4, LAR
_qFEDL
100 _aLarrick Nancy
245 0 _aParent's guide to children's reading
260 _aNew York, USA
_bDoubleday and Company
_c1964
300 _a312p
942 _cTEXL
_h372.4, LAR
999 _c1362759
_d1362759